00237nam a22000857a 4500008004100000082001500041245005000056260003400106300001100140230621b xxu||||| |||| 00| 0 eng d a328.3bFOR aA Breviate of Parliamentary Papersb1940-1954 aOxfordbBasil Blackwellc1961 aL,515p